MDQL
is popping MORE tags! Check the
thread
!
Quizzes
Events
Quiz Creation
Community
Videos
Private Events
Remove Ads
Sign In
Join for FREE
Feedback
Dark Mode
Quiz Categories
Sports
Geography
Music
Movies
Television
Just For Fun
Miscellaneous
History
Literature
Language
Science
Gaming
Entertainment
Religion
Holiday
For Kids
Quiz Lab
Recent
Popular Today
Quiz Kudos Today
Editor Picks
Curator Picks
Quizzes by...
Day
Popularity
Type
Ratings
Length
Year
Community
Subscriptions
Recent Discussions
Orange Saloon
Badges
Playlists
Quests
Create
Leaderboards
Showdown
Live 5
Trivia Bingo
Activity
Puzzle Library
Sporcle Events
Private Events
Virtual Trivia
Globe League
Become a Host
Pub Owners
SporcleCon
Opinionation
Our Games
Videos
Blog
Mobile Apps
Partnerships
Remove Ads and Go Orange
Feedback
Gaming
Video Games
Board Games
Card Games
Pokémon
Mario
Nintendo
Minecraft
Console
Toys
Legend of Zelda
Gaming
Video Games
Board Games
Card Games
Pokémon
Mario
Nintendo
Minecraft
Console
Toys
Legend of Zelda
Random Quiz
Search Sporcle
×
Quiz Lab
Quiz Lab
Gaming
team
Type in answers that appear in a list
Type in answers that appear in a list
Classic
Best Score? Go Orange.
Madden 17 TOTY Players Stats
Can you name the Madden 17 TOTY Players?
By
Whutcha
10m
36 Questions
161 Plays
161 Plays
161 Plays
Comments
Comments
Give Quiz Kudos
Give Quiz Kudos
-
- Ratings
hide this ad
Replay
Link that replays current quiz
Next Quiz
Link to next quiz in quiz playlist
You Got
0%
They Got
Avg Score
76%
Avg Friend Score
Upgrade to see
Score Distribution
Jump to the score distribution portion of the page
Score
0/36
Timer
10:00
0
Plays Today
Position/Team/Overall
Player
% Correct
QB/
Packers/
97
Aaron Rodgers
95.7%
HB/
Cardinals/
97
David Johnson
95%
WR/
Giants/
96
Odell Beckham Jr.
93.8%
LOLB/
Raiders/
97
Khalil Mack
92.5%
QB/
Raiders/
94
Derek Carr
91.3%
CB/
Broncos/
96
Chris Harris Jr.
90.1%
WR/
Buccaneers/
95
Mike Evans
90.1%
K/
Ravens/
97
Justin Tucker
89.4%
WR/
Colts/
94
T.Y. Hilton
88.8%
TE/
Panthers/
94
Greg Olsen
88.8%
WR/
Packers/
95
Jordy Nelson
88.2%
ROLB/
Texans/
97
Jadeveon Clowney
87.6%
FS/
Chiefs/
95
Eric Berry
87.6%
SS/
Giants/
94
Landon Collins
87%
HB/
Cowboys/
95
Ezekiel Elliott
85.1%
MLB/
Seahawks/
95
Bobby Wagner
85.1%
CB/
Broncos/
94
Aqib Talib
85.1%
RG/
Ravens/
95
Marshal Yanda
83.9%
Position/Team/Overall
Player
% Correct
WR/
Chiefs/
92
Tyreek Hill
83.2%
P/
Rams/
96
Johnny Hekker
77.6%
DT/
Eagles/
93
Fletcher Cox
77.6%
ROLB/
Cowboys/
94
Sean Lee
76.4%
LE/
Dolphins/
93
Cameron Wake
76.4%
CB/
Giants/
95
Janoris Jenkins
73.3%
TE/
Vikings/
93
Kyle Rudolph
73.3%
FS/
Patriots/
93
Devin McCourty
71.4%
CB/
Giants/
94
Dominique Rodgers-Cromartie
68.9%
LG/
Bills/
93
Richie Incognito
66.5%
DT/
Panthers/
94
Kawann Short
64.6%
LT/
Bengals/
94
Andrew Whitworth
64.6%
RE/
Eagles/
94
Brandon Graham
62.7%
RT/
Titans/
93
Jack Conklin
57.8%
SS/
Jaguars/
93
Johnathan Cyprien
46.6%
C/
Broncos/
93
Matt Paradis
43.5%
FB/
Ravens/
93
Kyle Juszczyk
39.8%
MLB/
Jaguars/
93
Paul Posluszny
38.5%
Quiz Playlist
Details
Report
Send in Message
Add To Playlist
Classic:
Type in answers that appear in a list
Last Updated: Mar 4, 2017
Quiz Scoreboard
CHALLENGE
Sign Up to Join the Scoreboard
Show All
Scores
Hide
Comments
May contain spoilers
Recently Published
1-10 Letter E Words III
by El_Dandy
Language
2m
Street Fighter Characters
by Artimus82
Gaming
60s
College Basketball Coaching Resumes
by pancakes188
Sports
9m
More to Explore
Quiz From the Vault
Featured Blog Post
Where Did the Easter Bunny Come From?
hide this ad
You Might Also Like...
Tags
madden
Overall
Player
team
Today's Top Quizzes in Gaming
Browse Gaming
hide this ad
Today's Top Quizzes in team
Browse team
Top Contributed Quizzes in Gaming
1
5-to-1: Consoles
2
7-to-1: Board Game Piece Blitz
3
5-to-1: Legend of Zelda
4
League of Legends Pro Players by Career/Team History
5
Destiny 2 exotic weapons by perk icons
6
Ultimate Genshin Impact Logic Puzzle (up to 4.3)
7
Quick Pick: Video Games Lost in Translation
8
Franchise by Action Figure
9
Who's on the WWE 2K24 Cover?
10
Genshin Impact Logic Puzzle Quiz
Explore More
Trending Topics
Anime
Kpop
Marvel
NBA
Crossword
Disney
Harry Potter
Soccer
Puzzle
WWE
Pokémon
Country
NFL
The Office
Song
hide this ad
More By:
Whutcha
Quiz
Plays
Rating
Category
Featured
Created
NFL Top 100 Players (2018)
78,370
4.71
Sports
May 2, 2018
NFL Top 100 Players (2017)
50,196
4.17
Sports
May 29, 2017
Madden 21 Top 5 Rated Players By Team
2,062
4.67
Sports
Jul 20, 2020
NFL Top 5 Players By Team (2019)
1,930
3.80
Sports
Jul 21, 2019
NFL Top 5 Players By Team (2020)
1,530
3.29
Sports
Jul 9, 2020
Go to Creator's Profile
Score Distribution
Quiz Creator Spotlight
Whutcha
Follow
Send a Message
Quizzes Created
-
Created Quiz Play Count
-
More By This Creator
Popular Quizzes Today
1
Find the US States - No Outlines Minefield
2
Find the Countries of Europe - No Outlines Minefield
3
Find the US States
4
The Countries of the World
5
Risky Map Clicking: Biggest States A-Z
6
US States
7
Popular People in 1961
8
Movies - When Are They Set?
More Gaming Quizzes
Click a Gen. 5 Pokemon that... (II)
Quiz Lab
Trending Quizzes
Risky Map Clicking: Least Populous States A-Z
1-10 Letter G Words
Countries of the World: 200 Million BC
1-10 Letter F Words
Risky Map Clicking: Next State Alphabetically
Recently Updated
Largest US Cities 1790-2010
pecheneg
Rides in Walt Disney World
pecheneg
Most Oscar Losses (Acting)
pecheneg
Beyoncé Albums
pecheneg
Leaping Animals
pecheneg
Reality TV Shows (A-Z)
bhenderson79
Rickey Henderson's Hall of Fame Teammates
pecheneg
Champions League XIs: Arsenal
pecheneg
Quick Pick: Celebrities in WWE's Hall of Fame
aduchscher
A-Z Keypad Blitz II
pecheneg
Trending Topics
Anime
NBA
Harry Potter
Kpop
Crossword
Marvel
Disney
WWE
The Office
Puzzle
NFL
Song
Soccer
Pokémon
Country
Your Account Isn't Verified!
In order to create a playlist on Sporcle, you need to verify the email address you used during registration. Go to your
Sporcle Settings
to finish the process.
Report this User
Report this user for behavior that violates our
Community Guidelines
.
Details:
Send Report
Go to the Sporcle.com Mobile Site →
Comments